00882nam a2200289 a 4500003000900000005001700009008004100026040001300067100001900080245007700099250001200176260003400188300002700222500004700249504002700296650002300323650003500346650002500381650002800406650002800434650001600462650001700478650002900495653001600524700002400540700002800564AR-BaBNM20251128203643.0082120s2002 ||||||||||||||000 | spa|| cAR-BaBNM1 aGiordano, Luis00aDiscalculia escolarbdificultades en el aprendizaje de las matemáticas a2ª ed. aBuenos AiresbEl Ateneoc1978 a290 p.btablas, diagr. aI.A.R.: INSTITUTO ARGENTINO DE REEDUCACION aBibliografía: p. 281 4aEDUCACION ESPECIAL 4aENSEÑANZA DE LAS MATEMATICAS 4aEDUCACION DEL NIÑO 4aDESTREZAS PSICOMOTRICES 4aTECNICAS DE ENSEÑANZA 4aIMAGINACION 4aMEMORIZACION 4aTRASTORNOS DE LA MEMORIA aREEDUCACION1 aDe Ballent, Elba G.1 aGiordano, Luis Héctor